000
00259nam a2200121Ia 4500
005
20251222155133.0
008
251222s9999||||xx |||||||||||||| ||spa||
082
_a
ADM.82
100
_a
Maxwell J.
245
0
_a
Las 21 leyes
264
_b
Lidere
942
_c
LIB
999
_c
38872
_d
38872